लुईपाश्Sार (मानवतेSाा एक महान प्रवर्तक) (Record no. 324458)

MARC details
000 -LEADER
fixed length control field 00800nam a2200169Ia 4500
008 - FIXED-LENGTH DATA ELEMENTS--GENERAL INFORMATION
fixed length control field 090711s9999 xx 000 0 und d
082 ## - DEWEY DECIMAL CLASSIFICATION NUMBER
Item number 967
100 ## - MAIN ENTRY--PERSONAL NAME
Personal name सोवनी रा. वि. / नारळीकर जयंत
245 ## - TITLE STATEMENT
Title लुईपाश्Sार (मानवतेSाा एक महान प्रवर्तक)
260 ## - PUBLICATION, DISTRIBUTION, ETC. (IMPRINT)
Date of publication, distribution, etc 1994
300 ## - PHYSICAL DESCRIPTION
Extent 26
600 ## - SUBJECT ADDED ENTRY--PERSONAL NAME
Personal name सोवनी रा. वि. / नारळीकर जयंत
630 ## - SUBJECT ADDED ENTRY--UNIFORM TITLE
Uniform title लुईपाश्Sार (मानवतेSाा एक महान प्रवर्तक)
700 ## - ADDED ENTRY--PERSONAL NAME
Personal name सोवनी रा. वि. / नारळीकर जयंत
730 ## - ADDED ENTRY--UNIFORM TITLE
Uniform title लुईपाश्Sार (मानवतेSाा एक महान प्रवर्तक)
942 ## - ADDED ENTRY ELEMENTS (KOHA)
Koha item type Book

No items available.